Central Library and Information Centre
Sibsagar Girls' College, Sivasagar : Assam

ELEMENTS OF PHYSICS (Record no. 10043)

MARC details
000 -LEADER
fixed length control field 00450cam a2200193ua 4500
008 - FIXED-LENGTH DATA ELEMENTS--GENERAL INFORMATION
fixed length control field 160229n2003 II |||gr||||Z||||||eng
040 ## - CATALOGING SOURCE
Original cataloging agency MAIN
041 ## - LANGUAGE CODE
-- English
082 ## - DEWEY DECIMAL CLASSIFICATION NUMBER
Classification number 530 CHA
100 ## - MAIN ENTRY--PERSONAL NAME
Personal name CHAUDHURY , AMULIYA .
245 ## - TITLE STATEMENT
Title ELEMENTS OF PHYSICS
250 ## - EDITION STATEMENT
Edition statement 1ST.
260 ## - PUBLICATION, DISTRIBUTION, ETC.
Place of publication, distribution, etc. DIBRUGARH
Name of publisher, distributor, etc. BANALATA
Date of publication, distribution, etc. 2003
300 ## - PHYSICAL DESCRIPTION
Extent 398:
Dimensions 20CM.
700 ## - ADDED ENTRY--PERSONAL NAME
Personal name CHAUDHURY , AMULIYA .,
Relator term Author.
942 ## - ADDED ENTRY ELEMENTS (KOHA)
Koha item type Books
653 ## - INDEX TERM--UNCONTROLLED
Uncontrolled term Physics
Holdings
Withdrawn status Lost status Damaged status Not for loan Collection code Home library Current library Shelving location Date acquired Total Checkouts Full call number Barcode Date due Date last seen Date last checked out Copy number Price effective from Koha item type Public note
        TBECO Central Library and Information Centre Sibsagar Girls College Central Library and Information Centre Sibsagar Girls College ECONOMICS BOOK RACK 04.02.1984 3 530 CHA 08802 04.09.2025 04.08.2025 04.08.2025 1 27.02.2020 Books V


Sibsagar Girl's College © 2020. All rights reserved.
Powered by Koha.
Maintained by Abhijit Borpuzari.